000 00524nam a2200193Ia 4500
003 OSt
005 20250107144615.0
008 210716s1995 xx 000 0 und d
020 _a9780060976095
040 _cAIMIT LIBRARY
041 _aeng
082 _a808.83
_21
_bJOHD
100 _aJohnson, Denis.
_9192486
245 _aFiskadoro /
_cBy Denis Johnson.
250 _a1st ed.
260 _aNew York :
_bHarper Collins Publisher ;
_c1995.
300 _a221p. ;
_bPB
_c20 cm.
942 _2ddc
_cBK
_e1st ed.
_k808.83 JOHD
999 _c199852
_d199852